[Event "Olympiad-41"]
[Site "Tromsoe"]
[Date "2014.08.11"]
[Round "9.2"]
[White "Hansen, Eric"]
[Black "Fier, Alexandr"]
[Result "0-1"]
[WhiteElo "2593"]
[BlackElo "2570"]
[Annotator "Fier,A"]
[PlyCount "82"]
[EventDate "2014.08.02"]
[EventType "team-swiss"]
[EventRounds "11"]
[EventCountry "NOR"]
[SourceTitle "CBM 162"]
[Source "ChessBase"]
[SourceDate "2014.09.17"]
[SourceVersion "1"]
[SourceVersionDate "2014.09.17"]
[SourceQuality "1"]
[WhiteTeam "Canada"]
[BlackTeam "Brazil"]
[WhiteTeamCountry "CAN"]
[BlackTeamCountry "BRA"]

1. e4 c5 {In two earlier rounds I tried to play the French without any success,
so it was time for a change.} 2. Nf3 e6 3. d4 cxd4 4. Nxd4 Nc6 5. Nc3 Qc7 6.
Be3 a6 7. Qd2 Nf6 8. O-O-O Bb4 {It was my first time playing this line, so I
had not much idea about theory.} 9. f3 O-O 10. g4 b5 11. Kb1 $5 {And here came
the first surprise, I only checked 11.g5 before the game and after this move I
was out of theory.} (11. g5 {is the main line and after} Nh5 12. Nde2 Ba5 $5 {
there is an interesting idea:} 13. Kb1 b4 14. Na4 d5 {Mekhitarian,K (2503)
-Iturrizaga Bonelli,E (2639) American Continental 8th 2012 (7) 0-1 with nice
counterplay in}) 11... Rd8 {Now ...d5 can come with more power. Also in some
lines I thought the bishop could come to f8 instead of e7 to avoid some ideas
with Nf5 followed by Nd5. The drawback is that the kingside is slightly
abandoned and White's attack can come quickly.} 12. g5 Ne8 (12... Nh5 {This is
also thematic, but I didn't like the position after} 13. Nxc6 Qxc6 14. Bh3 {
White's attack is coming and I have too many weak squares after 14...Bxc3, so
White is better.}) 13. h4 (13. Nxc6 {would be another typical idea} Qxc6 14. h4
Bxc3 15. Qxc3 Qxc3 16. bxc3 Bb7 (16... d5 17. e5 {is also possible}) 17. Be2 {
it's important to defend the f3-pawn against 17...d5 followed by 18...d4} d5
18. e5 g6 {with chances for both sides.}) 13... Bb7 {Now Black is ready to
start the play in the centre, so White needs to do something quickly.} 14. a3
Nxd4 {The engine doesn't like this move, but I had some good reasons to play
it. First I could get a pawn for the exchange and a really nice post on e5 for
my knight. Second, it's hard to evaluate that White should not take the rook
immediately. The problem is that the knight on e8 cannot activate so easily.} (
14... Ba5 {was an option, going to an unbalanced endgame} 15. Nb3 d5 $1 {
just in time} 16. Nxa5 dxe4 17. Qf2 {here it looks like White is winning
material, but...} Rxd1+ 18. Nxd1 Nxa5 (18... Qxa5 19. Bb6 Qa4 20. Nc3 {would
be embarrassing}) 19. Bb6 e3 $1 {Black has this important resource} 20. Bxc7 (
20. Qxe3 Nc4 $11) 20... exf2 21. Bxa5 Bxf3 22. Nxf2 Bxh1 23. Nxh1 Nd6 {and
it's hard to evaluate this position, but I think White has more chances to
play for a win.}) 15. axb4 {Now there is another important factor in the
position. In some lines Black has a clear idea of opening the queenside with ..
.a5.} (15. Bxd4 {is less forcing and less good} Ba5 {[%cal Ge6e5,Gd7d5]} 16.
Qh2 {but without the queens Black's position should be fine} Qxh2 17. Rxh2 b4
18. axb4 Bxb4 {with a level endgame.}) 15... Nxf3 16. Qf2 Ne5 17. Bb6 Qb8 18.
Bxd8 (18. h5 {is the computer suggestion, but it's hard to not take a rook
that is hanging, if not for something concrete} a5 $5 {I thought if I could
play b4 and take the pawn on e4 I would be fine} (18... Rc8 19. Bg2 d6 20. Rhf1
{and Black has not much space for the pieces}) 19. bxa5 $1 {one more time is
better to not take the exchange} (19. Bxa5 Rxa5 20. bxa5 b4 21. Nb5 Qa8 $1 {
Black should not allow White's pawn to go to a6} (21... Bxe4 22. Rh4 d5 23. a6
{is good for White}) 22. Qf4 d6 {with good compensation}) 19... b4 20. Nb5 b3
21. Bd3 d5 22. cxb3 Nxd3 23. Rxd3 Ba6 24. g6 {and White's attack arrives just
in time. Of course it's not an easy line to understand and evaluate during the
game, but here the computer says that White has a good advantage.}) 18... Qxd8
19. Be2 (19. Qf4 {would be normal, but the queen is on the wrong side of the
board} d6 20. h5 a5 $1 21. Nxb5 axb4 {and Black's attack is much more
dangerous than White's one.}) 19... d6 {Preparing one more move, defending the
knight and avoiding 20.Qc5.} (19... a5 {was my first idea when I sacrificed
the exchange, but I overlooked a nice trick} 20. Qd4 {is the best} (20. Qc5 {
was supposed to be the problem} d6 21. Qxb5 Bc6 22. Qxe5 axb4 $1 {this move I
couldn't see, and here the position remains unclear} (22... dxe5 {is just
losing, since I have no pawns on the queenside anymore} 23. Rxd8 Rxd8 24. bxa5
$18) 23. Qd4 (23. Nb5 Qa5 $19) 23... bxc3 24. Qxc3 Bxe4 25. Rhe1 Qb6 {with a
really dangerous position for both sides}) 20... axb4 21. Qxb4 Qb6 22. Nxb5 f5
$5 {and White is still better, but Black has practical chances.}) 20. Rhf1 a5 {
Now I can play it and the position is just fine.} 21. Qd4 Nc6 22. Qf2 Qe7 $2 {
My opponent was already in some kind of time trouble and I thought this would
be a good idea. The queen stays far from a5, but White is forced to keep
playing. All the idea was based in a position that I had evaluated badly, but
it was ok, because my opponent had the same illusion as I did.} (22... Ne5 23.
Qd4 {would be an immediate draw.}) 23. Nxb5 (23. bxa5 b4 24. Nb5 Nxa5 (24... b3
25. cxb3 Nxa5 26. Qe3 Nc6) 25. Qe3 Bc6 {with ...b3 and ...Qb7 ideas.}) 23...
axb4 24. Nd4 $2 {Now everything comes back ubder control in Black's position.
With good compensation and my opponent with one minute on the clock against my
45, the odds were in my favour.} (24. Nxd6 $1 {was the critical move and good
for White} Nxd6 25. Rxd6 b3 $5 {that was my plan and what scared my opponent.
Now White's king will be completely open and Black can bring the knight to the
game in an active square. However, White has enough resources to control the
position.} (25... Qxd6 26. Qxf7+ Kh8 27. Qxb7 Rb8 28. Qa6 {is much better for
White: there is no attack anymore and White is a pawn up and finally has a
safer king}) 26. cxb3 Na5 {was the main idea, but it doesn't work because the
rook is hanging on a8 in one of the lines} (26... Qxd6 {still does not work}
27. Qxf7+ Kh8 28. Qxb7 Rb8 29. Qa6 $16) (26... Nb4 {was one of the ideas} 27.
Rd4 $1 {and the rook controls e4} e5 28. Qxf7+ Qxf7 29. Rxf7 exd4 30. Rxb7 {
with a winning endgame}) 27. Qd4 Nxb3 (27... Bxe4+ {fails to} 28. Qxe4 {
and the rook on a8 is the problem}) 28. Qb4 {and White will folllow up with 29.
Rfd1 with everything under control.}) 24... Ne5 25. Qe3 Qc7 {My knight is back
to e5 and the queen is going back to the queenside. The main idea is to mix
some threats on the a-file and the c-file. Also one interesting idea is to
exchange at some point the bishops, to have the important c4-square for
Black's knight. Of course White's position is defendable, but he has not many
active plans and there are some bullets to dodge, which is not so easy with 30
seconds per move.} 26. Nb3 Rc8 27. Rd2 Qc6 {[%cal Gc6e4,Gc6a4]} 28. Na5 $6 {
The position is still equal according the computer, but White is starting to
become desperate.} (28. Rf4 {was what I was expecting} Ba6 $5 (28... Ng6 29.
Rg4 Ne5 30. Rf4 $11) 29. Bxa6 Qxa6 30. Rd4 Ra8 31. Rxb4 Nc4 {and Black gets
the exchange back} 32. Rxc4 Qxc4 {with good play.}) 28... Qxe4 (28... Qa4 {
was again a solid alternative} 29. Nb3 (29. Nxb7 Ra8 {just wins}) 29... Qc6 $11
(29... Ra8 30. Rd4 Ba6 {would be more interesting.})) 29. Qxe4 {Trying to
exchange to avoid bigger complications, but Black has just won an important
pawn.} (29. Qg3 b3 $5 30. Nxb3 Qa4 31. Rd4 Qc6 {would keep up the pressure.})
29... Bxe4 30. Rf4 $2 {This is already too much.} (30. Bd3 {was better} Bxd3
31. cxd3 d5 32. d4 Ng6 {and the position is still ok for White.}) 30... d5 31.
Rxe4 dxe4 32. Rd4 Nf3 $1 {And with the passed pawns Black is just winning.} 33.
Rxb4 Nd6 34. Rb6 Nf5 35. Nc6 h6 {The last precise move.} (35... N3d4 {was much
less precise} 36. Ba6 e3 37. Kc1 (37. Bxc8 e2 $19) 37... Nf3 38. Kd1 {and here}
Ng3 {doesn't work because of} 39. Ne7+ $18) 36. gxh6 N3d4 37. Nxd4 Nxd4 38. Ba6
e3 39. hxg7 e2 40. Bxe2 Nxe2 41. Rb4 f5 0-1

[Event "Capablanca Memorial Elite 47th"]
[Site "Havana"]
[Date "2012.05.11"]
[Round "7"]
[White "Quesada Perez, Yuniesky"]
[Black "Laznicka, Viktor"]
[Result "1-0"]
[WhiteElo "2625"]
[BlackElo "2693"]
[Annotator "Ftacnik,L"]
[PlyCount "73"]
[EventDate "2012.05.03"]
[EventType "tourn"]
[EventRounds "10"]
[EventCountry "CUB"]
[EventCategory "18"]
[SourceTitle "CBM 149"]
[Source "ChessBase"]
[SourceDate "2012.07.17"]
[SourceVersion "1"]
[SourceVersionDate "2012.07.17"]
[SourceQuality "1"]

1. e4 c5 2. Nf3 e6 3. d4 cxd4 4. Nxd4 Nc6 5. Nc3 Qc7 6. Be3 a6 7. Qd2 Nf6 8.
O-O-O Be7 9. f3 O-O 10. g4 b5 11. g5 Nh5 12. Kb1 Ne5 {Black needs to find
counterplay in order to compensate for the unfortunate location of his knight
on h5. The dance of the second knight hopes to slow down the opponent's
aggresive plans.} (12... Rd8 13. Nce2 e5 14. Nf5 d5 15. Nxe7+ Nxe7 16. Ng3 Nf4
17. Bxf4 exf4 18. Nh5 Bg4 19. fxg4 dxe4 20. Qc1 Rxd1 21. Qxd1 Rd8 22. Qe1 Qd7
23. Bh3 $16 {1/2-1/2 Morozevich,A (2762)-Maletin,P (2568)/Apatity 2011 (44)})
13. f4 Ng4 {The main idea of the defender's plan. Black manages to hit his
important bishop on e3 and has to hope, that the time invested will not cost
him too much.} (13... Nc4 14. Bxc4 bxc4 15. Nf5 $5 Bc5 16. Bxc5 Qxc5 17. Ng3
Nxg3 18. hxg3 Rb8 19. Ka1 f6 20. Qh2 fxg5 21. Qxh7+ Kf7 22. f5 Qe5 23. fxe6+
Ke8 24. exd7+ Bxd7 25. Qg6+ $18 {1-0 Kurmann,O (2439)-Brunello,S (2569)/
Merlimont 2011 (31)}) 14. e5 (14. Nce2 Bb7 15. Bh3 Bb4 16. Qd3 Nxe3 17. Qxe3 f5
18. exf5 Bxh1 19. Rxh1 Bd6 20. fxe6 Nxf4 21. Nxf4 Bxf4 22. Qb3 d5 23. Qxd5 Rfd8
24. Qe4 $14 {1/2-1/2 Ozolin,M (2389)-Geller,J (2544)/Izhevsk 2010 (66)}) 14...
b4 {The second player needs to advance his b-pawn, the only real question is
about timing. White's knights in the centre demonstrate dangerous jumping
potential.} (14... Bb7 15. Rg1 Nxe3 16. Qxe3 b4 (16... g6 17. Bg2 Bxg2 18. Rxg2
d5 19. exd6 Qxd6 20. Nf5 Qc5 21. Nxe7+ Qxe7 22. Rgd2 $16 {1-0 Kosintseva,N 
(2560)-Munguntuul,B (2465)/Nalchik 2011 (39)}) 17. Ne4 Bxe4 18. Qxe4 d5 19. Qe3
(19. exd6 Bxd6 20. f5 exf5 21. Nxf5 Rfe8 22. Qf3 Bc5 23. Rg4 Rad8 24. Bd3 $16 {
1-0 Motylev,A (2690)-Laznicka,V (2701)/Poikovsky 2011 (33)}) 19... g6 20. Be2
Ng7 21. h4 Bc5 22. Bg4 Rfc8 23. Rd2 Qa7 $11 {0-1 Inarkiev,E (2692)-Movsesian,S
(2715)/Rogaska Slatina 2011 (53)}) 15. Ne4 Bb7 16. Bg2 (16. Rg1 $5 Bxe4 17.
Rxg4 Rfc8 18. Bg2 $14) 16... d6 {Laznicka has to sit on his hands and postpone
taking the e3-bishop, otherwise White's attack would be too strong.} (16...
Nxe3 17. Qxe3 d6 18. Nf6+ $1 gxf6 19. Bxb7 Qxb7 20. gxf6 Nxf6 21. exf6 Bxf6 22.
f5 $16) 17. Nf6+ $5 Bxf6 18. Bxb7 Qxb7 19. exf6 (19. gxf6 dxe5 20. fxg7 Rfd8
21. fxe5 Nxe5 22. Qe2 Nxg7 23. h4 h5 24. Bg5 Rd5 25. Rhg1 Ng4 {1-0 Motylev,A 
(2683)-Geller,J (2544)/Sochi 2012 (41)} 26. Rxg4 hxg4 27. Bf6 Rxd4 28. Bxd4 Qf3
$11) 19... g6 {Both radically different solutions to the tension around the
black king are feasible, but each one is risky in its own way.} (19... gxf6 $5
20. Qe2 (20. gxf6 Nhxf6 21. Rhg1 Kh8 22. Nb3 Nxe3 23. Qxe3 Qe4 $15) 20... Nxe3
21. Qxe3 (21. Qxh5 $2 Nxd1 22. gxf6 Nc3+ 23. bxc3 bxc3+ $19) 21... f5 22. Rhe1
Qg2 $11) 20. Qe2 {Quesada Perez is unsure, where is the best place for the
rook h1 and decides to postpone the decision.} (20. Rhg1 $1 Nxe3 21. Qxe3 $14)
20... Nxe3 21. Qxe3 Rfc8 22. Rhe1 a5 23. Ne2 {The knight will try to open
access to the black king from the g3-square. White is finding it difficult to
break the defences despite the full mobilisation of his forces.} (23. f5 e5 24.
Ne2 Qc6 25. Rd2 a4 $11) 23... d5 (23... Qc7 24. Rd2 d5 $11) 24. Rd4 (24. Ng3
Qc7 $15) 24... a4 25. b3 h6 26. Qd2 {The first player is very careful and
tries to prepare for any form of black counterattack.} (26. Ng3 axb3 27. Qxb3
Qc7 $15) 26... hxg5 27. fxg5 (27. Rxb4 Qc7 28. fxg5 axb3 29. cxb3 Qxh2 $11)
27... Qc7 28. Ng3 Qc3 $2 {[%mdl 16384] This committal decision turns out to be
the decisive mistake. Laznicka became nervous about his b4-pawn, but without
queens his knight on h5 will be a tragic figure.} (28... Nxg3 $2 29. hxg3 axb3
30. cxb3 Qxg3 31. Rh1 $18) (28... Ra5 $1 29. Nxh5 gxh5 30. Rxb4 Rca8 (30...
axb3 31. cxb3 Rc5 32. g6 fxg6 33. Qh6 Qh7 34. Qg5 d4 35. Rb8 Rxb8 36. Qxc5 Qd7
$14) 31. Rc1 axb3 32. cxb3 Rxa2 33. Rxc7 Rxd2 34. Rbb7 Rg2 35. Rxf7 Rxg5 36.
Rfe7 $14) 29. Qxc3 bxc3 (29... Rxc3 30. Nxh5 gxh5 31. Rxb4 axb3 32. axb3 Rh3
33. Re2) 30. Ne2 (30. b4 a3 31. Re3 Ra4 32. Kc1 Rb8 33. Rxc3 Rbxb4 34. Rxb4
Rxb4 35. Rxa3 Rg4 $14) 30... Ra5 $6 {Quite possibly there was no way for Black
to solve his problems, but definitely there are methods to make his ordeal
worse.} (30... axb3 31. axb3 Rab8 32. Nc1 Rc4 33. Rxc4 dxc4 34. Re4 Rb5 35. Rg4
$16) 31. Nc1 (31. b4 $1 Rb5 32. a3 e5 33. Rh4 $16) 31... Kf8 (31... axb3 32.
cxb3 c2+ 33. Kb2 Re8 34. b4 Rb8 35. Kb3 Ra7 36. a4 $16) 32. Nd3 Ke8 (32... axb3
33. cxb3 Ra3 34. Ne5 $1 (34. Nc1 Rc5 35. Kc2 Ke8 36. Re3 Kd7 37. Rxc3 Rca5 $14)
34... Ke8 35. Rc1) 33. Ne5 {The game is over as the perfectly located knight
on e5 is paralysing the black forces. The black counterpart on h5 is virtually
dead.} (33. b4 $5 Rb5 34. a3 Rc7 35. Ne5 $16) 33... axb3 34. cxb3 c2+ (34...
Ra3 35. Rc1 Rc7 36. Rb4 Ra8 37. a4 $16) 35. Kb2 Rac5 (35... c1=Q+ 36. Rxc1 Rxc1
37. Kxc1 Rxa2 38. Ra4 Rxa4 39. bxa4 Nf4 40. Kd2 Nh3 41. a5 Kd8 42. Nxf7+ Kc7
43. Ke3 $18) 36. Rc1 Rc3 $2 {Terrible suffering can be terminated by an
innaccuracy. Black finishes the game outright and spares himself a lot of pain.
} (36... Ra8 37. b4 Rb8 38. Rxc2 $18) 37. Nc4 $1 (37. Nc4 $1 dxc4 38. Kxc3
cxb3+ 39. Kxb3 $18) 1-0